| 000 | 00386cam a2200157ua 4500 | ||
|---|---|---|---|
| 041 |
_aeng _h |
||
| 082 |
_a321.8042 _bSAY/AM |
||
| 100 | _aSayre, Wallace S . | ||
| 245 |
_aAmerican government / _cWallace S Sayre. _hTextual Documents |
||
| 250 |
_a14 / _b. |
||
| 260 |
_aNew York : _bBarnes & Noble , _c1960. |
||
| 300 | _a315 ; . | ||
| 504 | _a | ||
| 942 | _cBK | ||
| 999 |
_c4117 _d4117 |
||